| 000 | 00654nam a2200205 4500 | ||
|---|---|---|---|
| 003 | OSt | ||
| 005 | 20230830073400.0 | ||
| 008 | 708 R549v | ||
| 040 | _cLado V | ||
| 082 |
_a708 _bP142r |
||
| 100 |
_9977 _aPaiewonsky, Raquel _eautor |
||
| 245 |
_aRaquel Paiewonsky/ _bUna/ |
||
| 260 |
_aRepublica Dominicana _bLyle Oreitzel _c2007 |
||
| 300 |
_a42p. _c22x28cm |
||
| 650 |
_2Tesauro de Arte & Arquitectura _aARTE _9702 |
||
| 650 |
_2Tesauro de Arte & Arquitectura _aPINTURA _9702 |
||
| 650 |
_2Tesauro de Arte & Arquitectura _aPERFORMANCE |
||
| 650 |
_2Tesauro de Arte & Arquitectura _aEXHIBICION _9702 |
||
| 942 |
_2ddc _c1 _h708 _iP142r _n0 |
||
| 999 |
_c4222 _d4222 |
||